000 00526nam a22001697a 4500
005 20240807094541.0
008 240807b |||||||| |||| 00| 0 eng d
020 _a9780470687260
082 _a775
_bLEW-D
100 _aLewell, John
245 _aDigital Photography for Next to Nothing:
_bree and Low Cost Hardware and Software to Help You Shoot Like a Pro /
_cJohn Lewell
260 _aUSA:
_bWiley;
_c2010.
300 _axiv, 366 p. :
_bill;
_c24 cm.
500 _ainclude index.
650 _aPhotography
999 _c36319
_d36319